000
00326nam a22001457a 4500
003
SGT
082
_a
617.645
_b
R21R
100
_a
Raj, Kevin
245
_a
Research Methodology
260
_a
Gurugram, Haryana
_b
SGT University
_c
2021
300
_a
70
650
_a
Periodontology
653
_a
Periodontology
942
_2
ddc
_c
TH
999
_c
23636
_d
23636